000 01079nam0a22002651 4500
001 rc\4042669
005 20130415140839.9
021 _aRU
_b[47-16060]
035 _a(NLR Aleph) 008100472
090 _a9240870
_c9240870
100 _a20130415d1947 |||y0rusy50 ca
101 0 _arus
102 _aRU
105 _aa z |||||
200 1 _aРегенерация турбинных масел
_fГлавнефтеснаб при Совете министров СССР. Всесоюз. трест по регенерации отраб. нефт. масел "Реготмас"
210 _a[Москва]
_cГостоптехиздат
_d1947
_gТип. "Кр. печатник" в Л.
215 _a40 с., 1 л. схем.
_cил.
_d19
300 _aПеред загл. авт.: инж. В.С. Иванов
606 _aТурбинные масла
_xРегенерация
_2psbo
700 1 _aИванов
_bВ. С.
_gВасилий Сергеевич
801 0 _aRU
_bNLR
_gpsbo
801 1 _aRU
_bELAR
_2rusmarc
852 _aNLR
_jТ36 Г-4/658
942 _cBOOK
980 _aNB